Jesus Christ Superstar - Gethsemane - Missing Lyrics - Statistics

General Stats
  • This quiz has been taken 145 times
  • The average score is 49 of 57
Answer Stats
Jesus % Correct
Alright. I'll {die}
98%
But if I {die}
98%
Could you ask as much from any other {man}?
98%
Why I should {die}
98%
After all, I've tried for {three} years
97%
Now, I'm sad and {tired}
97%
Now, I'm sad and {tired}
97%
Tried for {three} years
97%
Seems like {thirty}
96%
For I don't want to taste its {poison}
95%
I'd wanna {know}, I'd wanna {know}, my God
95%
I'd wanna {know}, I'd wanna {know}, my God
95%
Oh, {why} should i die?
95%
Take this {cup} away from me
95%
{wwWWHHHYYYYYYYYYYYYYY-Y-Y-y-y} should I die?
95%
I'd wanna {see}, I'd wanna {see}, my God
94%
I'd wanna {see}, I'd wanna {see}, my God
94%
If there is a {way}
94%
I {have} to know, I {have} to know, my Lord
92%
I {have} to know, I {have} to know, my Lord
92%
I {have} to know, I {have} to know, my Lord
92%
I {have} to know, I {have} to know, my Lord
92%
I {have} to see, I {have} to see, my Lord
92%
I {have} to see, I {have} to see, my Lord
92%
Then, I was {inspired}
92%
Then, I was {inspired}
92%
Listen, surely I've {exceeded} expectations
89%
Can you show me now that I would not be killed in {vain}?
88%
I only want to {say}
88%
If I die what would be my {reward}?
87%
If I die what would be my {reward}?
87%
Nail me to their {tree}
86%
Would the things I've said and done {matter} any more
85%
Now, before I change my {miiiiiiiiiiiiiiiiiiiiiiiiiiiiiiiiiiiind}
84%
Take me now, before I change my {mind}
84%
What {you} started
84%
Bleed me, beat me, {kill} me
83%
I will {drink} your cup of poison
83%
Feel it {burn} me
82%
Just {watch} me die
82%
Show me there's a reason for you {wanting} me to die
82%
Why then am I scared to {finish} what I started
82%
I'm not as {sure} as when we started
80%
See {how} I ddDDIIIIIIIIIIIIIIIIIIIIIIIIIIIEEEEEEE
80%
See {how} I die
80%
Feels like {ninety}
78%
I didn't {start} this
78%
Oh, you're far too keen on {where} and how
77%
SHOW ME just a little of your omnipresent {brain}
76%
I have {changed}
75%
But you hold every {card}
73%
Let them {hate} me, hit me, hurt me
73%
Would I be more {noticed} than I ever was before
72%
See the {saga} through and do the things you ask of me
71%
God, thy will is {hard}
69%
But not so {hot} on why
68%
Nail me to your cross and {break} me
50%
No matching quizzes found
Score Distribution
Percent of People with Each Score
Percentile by Number Answered
Your Score History
You have not taken this quiz